Doktorandské štúdium - včera, dnes a zajtra

Guardado en:
Detalles Bibliográficos
Autor principal: Gonda, Vladimír
Formato: Capítulo de libro
Lenguaje:eslovaco
Etiquetas: Agregar Etiqueta
Sin Etiquetas, Sea el primero en etiquetar este registro!

MARC

LEADER 00000naa$a2200000$$$4500
001 0061664
005 20240502071707.9
041 0 |a slo 
044 |a SK 
245 1 0 |a Doktorandské štúdium - včera, dnes a zajtra  |c Vladimír Gonda 
100 1 |a Gonda, Vladimír